Aromaticity (Record no. 171321)
[ view plain ]
| 000 -LEADER | |
|---|---|
| fixed length control field | 01531nam a2200373Ia 4500 |
| 082 04 - DEWEY DECIMAL CLASSIFICATION NUMBER | |
| Classification number | 547/.6 |
| 100 1# - MAIN ENTRY--AUTHOR NAME | |
| Personal name | Mandado, Marcos. |
| 245 10 - TITLE STATEMENT | |
| Title | Aromaticity |
| 260 ## - PUBLICATION, DISTRIBUTION, ETC. (IMPRINT) | |
| Place of publication | New York : |
| Name of publisher | Nova Science Publishers, |
| Year of publication | c2008. |
| 300 ## - PHYSICAL DESCRIPTION | |
| Number of Pages | viii, 78 p. : |
| Other physical details | ill. (some col.) |
| 650 #0 - SUBJECT ADDED ENTRY--TOPICAL TERM | |
| Topical Term | Aromaticity (Chemistry) |
| Topical Term | Molecular structure. |
| Topical Term | Quantum chemistry. |
| 700 1# - ADDED ENTRY--PERSONAL NAME | |
| Personal name | Gonzalez Moa, Maria J. |
| Personal name | Mosquera, Ricardo A. |
| 856 40 - ELECTRONIC LOCATION AND ACCESS | |
| Uniform Resource Identifier | http://site.ebrary.com/lib/rucke/Doc?id=10662976 |
No items available.
